[Event "Championnat de France des Jeunes - Cade"]
[Site "MONTLUCON"]
[Date "2011.04.20"]
[Round "5.8"]
[White "Lebret, Loriane"]
[Black "Lenoel, Marine"]
[Result "0-1"]
[WhiteElo "1625"]
[BlackElo "1793"]
[PlyCount "40"]
[EventDate "2011.??.??"]

1. e4 e5 2. Nf3 Nc6 3. Bb5 Bc5 4. O-O d6 5. d4 exd4 6. Nxd4 Bd7 7. Nxc6 bxc6 8.
Bc4 Ne7 9. b3 O-O 10. Bb2 Be6 11. Bxe6 fxe6 12. Qg4 e5 13. Bc1 Ng6 14. Nd2 Nf4
15. Nc4 Qe8 16. Be3 Bxe3 17. Nxe3 Rf6 18. Qd1 Qg6 19. Qg4 Qxe4 20. g3 Rg6 0-1

[Event "Championnat de France des Jeunes - Cade"]
[Site "MONTLUCON"]
[Date "2011.04.20"]
[Round "5.9"]
[White "Sadoune, Emilie"]
[Black "Briatte, Coline"]
[Result "1-0"]
[WhiteElo "1539"]
[BlackElo "1570"]
[PlyCount "89"]
[EventDate "2011.??.??"]

1. e4 d5 2. exd5 Qxd5 3. Nc3 Qa5 4. d4 Nf6 5. Nf3 Bg4 6. Bc4 e6 7. O-O Nc6 8.
Bb5 Bb4 9. Bxc6+ bxc6 10. Bd2 O-O 11. a3 Bxc3 12. Bxc3 Qd5 13. Re1 Bxf3 14.
Qxf3 Qxf3 15. gxf3 Nd5 16. Ba5 Rfd8 17. Rad1 Rab8 18. b3 Rd7 19. Re5 a6 20. Rd3
g6 21. Bd2 Ne7 22. Ra5 Ra8 23. Bf4 Nf5 24. c3 Ra7 25. Rc5 Ne7 26. Bg5 Nd5 27.
Rxc6 a5 28. c4 Nb6 29. Be3 Ra8 30. d5 exd5 31. Bxb6 cxb6 32. Rxb6 Rad8 33. c5
Rc8 34. b4 axb4 35. axb4 Kg7 36. c6 Rd6 37. b5 Kf6 38. Rb7 d4 39. c7 Rd7 40. b6
Ke5 41. Rb8 Rcxc7 42. bxc7 Rxc7 43. Re8+ Kf4 44. Rxd4+ Kxf3 45. Re3# 1-0

[Event "Championnat de France des Jeunes - Cade"]
[Site "MONTLUCON"]
[Date "2011.04.20"]
[Round "5.10"]
[White "Copin, Oceane"]
[Black "Harwood, Elisabeth"]
[Result "1-0"]
[WhiteElo "1914"]
[BlackElo "1557"]
[PlyCount "59"]
[EventDate "2011.??.??"]

1. d4 d5 2. Nf3 Nf6 3. c4 c6 4. Qc2 dxc4 5. Qxc4 Bf5 6. Bf4 e6 7. Nbd2 Nbd7 8.
e3 Nb6 9. Qb3 Be7 10. Be2 O-O 11. O-O Rc8 12. Rac1 c5 13. h3 h6 14. Rfd1 Bh7
15. dxc5 Rxc5 16. Rxc5 Bxc5 17. Ne4 Qe7 18. Nxc5 Qxc5 19. Bd6 Bc2 20. Bxc5 Bxb3
21. axb3 Rc8 22. Bd4 Nfd5 23. Ne5 Ne7 24. Nc4 Ned5 25. g3 Rc7 26. e4 Nxc4 27.
bxc4 Ne7 28. Bxa7 b5 29. Bb6 Rc6 30. c5 1-0

[Event "Championnat de France des Jeunes - Cade"]
[Site "MONTLUCON"]
[Date "2011.04.20"]
[Round "5.11"]
[White "Daadaa, Soha"]
[Black "Sellier, Charlotte"]
[Result "1-0"]
[WhiteElo "1657"]
[BlackElo "1250"]
[PlyCount "75"]
[EventDate "2011.??.??"]

1. d4 d5 2. c4 e6 3. Nc3 Nf6 4. cxd5 exd5 5. Bg5 Be6 6. Qb3 b6 7. e3 Nbd7 8.
Bb5 Be7 9. Bc6 Rb8 10. Bxf6 Bxf6 11. Bxd5 Bxd5 12. Nxd5 O-O 13. Nf3 Re8 14.
Nxf6+ Nxf6 15. Ne5 Re6 16. Qc3 Ne4 17. Qc2 Nxf2 18. Qxf2 f6 19. O-O c5 20. Nf3
Qe8 21. dxc5 bxc5 22. Rfe1 Rb4 23. Rac1 Rbe4 24. Rc3 h6 25. Nh4 Qh5 26. Nf5 Qg5
27. Rxc5 Qg6 28. Qg3 Qxg3 29. Nxg3 Rxe3 30. Rxe3 Rxe3 31. Ra5 Re7 32. Kf2 Kf7
33. Ne2 g5 34. Nd4 Rc7 35. Kg3 Kg6 36. Nb5 Rc5 37. b4 Rc4 38. a3 1-0

[Event "Championnat de France des Jeunes - Cade"]
[Site "MONTLUCON"]
[Date "2011.04.20"]
[Round "5.12"]
[White "Ranc, Candice"]
[Black "Soriano, Manon"]
[Result "0-1"]
[WhiteElo "1570"]
[BlackElo "1551"]
[PlyCount "100"]
[EventDate "2011.??.??"]

1. e4 c5 2. Nf3 Nc6 3. d4 cxd4 4. Nxd4 g6 5. Nc3 Bg7 6. Be3 Nf6 7. Qd2 d6 8.
Nxc6 bxc6 9. f3 O-O 10. Rd1 Re8 11. Bc4 Rb8 12. O-O Qa5 13. Bb3 Ba6 14. Rfe1
Rb7 15. Bf4 Nd7 16. Bh6 Bf6 17. Be3 Ne5 18. Bd4 Bh4 19. Bf2 Bf6 20. Nd5 Qxd2
21. Nxf6+ exf6 22. Rxd2 Rd8 23. Red1 Rbd7 24. f4 Nc4 25. Bxc4 Bxc4 26. b3 Be6
27. h3 h5 28. c4 a6 29. Rd3 f5 30. Bh4 fxe4 31. Re3 Re8 32. Rxe4 d5 33. Red4 c5
34. R4d2 d4 35. Bf6 Bf5 36. a3 Re3 37. Rb2 d3 38. Kf2 Rd6 39. Bc3 Rde6 40. b4
cxb4 41. axb4 R3e4 42. g3 Rxc4 43. Rc1 Rce4 44. Rd1 Re2+ 45. Rxe2 Rxe2+ 46. Kg1
Rc2 47. Bd4 Be4 48. Be3 Rg2+ 49. Kf1 Rxg3 50. Bc1 Rxh3 0-1

[Event "Championnat de France des Jeunes - Cade"]
[Site "MONTLUCON"]
[Date "2011.04.21"]
[Round "6.1"]
[White "Le Bail, Arielle"]
[Black "Thuret, Marine"]
[Result "1-0"]
[WhiteElo "1859"]
[BlackElo "1909"]
[PlyCount "42"]
[EventDate "2011.??.??"]

1. e4 c5 2. Nc3 Nc6 3. Bb5 Nd4 4. Bc4 e6 5. Nf3 a6 6. Nxd4 cxd4 7. Ne2 b5 8.
Bb3 Bb7 9. d3 Bc5 10. O-O Ne7 11. Ng3 O-O 12. f4 d5 13. Kh1 Qb6 14. Qg4 Kh8 15.
f5 dxe4 16. f6 gxf6 17. Qh4 Nf5 18. Qxf6+ Kg8 19. Rf4 Rfc8 20. Rg4+ Kf8 21.
Nxf5 Ke8 1-0

[Event "Championnat de France des Jeunes - Cade"]
[Site "MONTLUCON"]
[Date "2011.04.21"]
[Round "6.2"]
[White "Josse, Mathilde"]
[Black "Neuhauser, Salome"]
[Result "0-1"]
[WhiteElo "1721"]
[BlackElo "2075"]
[PlyCount "86"]
[EventDate "2011.??.??"]

1. e4 e6 2. d4 d5 3. Nd2 Be7 4. Bd3 c5 5. c3 dxe4 6. Nxe4 cxd4 7. cxd4 Nf6 8.
Nf3 Nc6 9. O-O O-O 10. Nxf6+ Bxf6 11. Be3 Nb4 12. Bb1 Nd5 13. Qd3 g6 14. Bh6
Re8 15. Ne5 Qb6 16. b3 Rd8 17. Rd1 Ne7 18. Qe4 Nc6 19. Nxc6 bxc6 20. Be3 Bb7
21. Qf4 Bg7 22. Bc2 Qa5 23. h4 Rd7 24. Be4 Rad8 25. Rac1 e5 26. Qf3 exd4 27.
Bd2 Qxa2 28. Bxc6 Bxc6 29. Rxc6 Rb8 30. b4 Qb2 31. h5 Bf8 32. h6 f5 33. Rc4
Rdd8 34. Bg5 Rd7 35. Qc6 Rd6 36. Qc7 Re8 37. Qxa7 d3 38. Rc7 Rde6 39. Be3 Be7
40. Qb7 Qe2 41. Rd2 Qe1+ 42. Kh2 Rxe3 43. fxe3 Bd6+ 0-1

[Event "Championnat de France des Jeunes - Cade"]
[Site "MONTLUCON"]
[Date "2011.04.21"]
[Round "6.3"]
[White "Auvray, Juliette"]
[Black "Soubirou, Oriane"]
[Result "0-1"]
[WhiteElo "2001"]
[BlackElo "1996"]
[PlyCount "62"]
[EventDate "2011.??.??"]

1. e4 e6 2. d4 d5 3. Nc3 Bb4 4. e5 c5 5. a3 Bxc3+ 6. bxc3 Ne7 7. h4 Nbc6 8. h5
h6 9. Qg4 Qc7 10. Rh3 Bd7 11. Ne2 Nf5 12. Qf4 O-O-O 13. g4 Nfe7 14. Qe3 f6 15.
f4 Na5 16. exf6 gxf6 17. Rb1 Nc4 18. Qf2 e5 19. Rg3 Rhe8 20. dxc5 Ba4 21. Rb4
Bxc2 22. Ng1 exf4 23. Bxf4 Nc6+ 24. Be2 Qa5 25. Kf1 Be4 26. Bxc4 dxc4 27. Bd6
Qxa3 28. Qb2 Qa6 29. Rb5 Re6 30. Nh3 Bd3+ 31. Kg1 Re1+ 0-1

[Event "Championnat de France des Jeunes - Cade"]
[Site "MONTLUCON"]
[Date "2011.04.21"]
[Round "6.4"]
[White "Saucey, Capucine"]
[Black "Alonso, Audrey"]
[Result "1-0"]
[WhiteElo "1799"]
[BlackElo "1842"]
[Annotator "Rivier,Sylvain"]
[PlyCount "64"]
[EventDate "2011.??.??"]

1. e4 e5 2. Nf3 Nc6 3. d4 exd4 4. Nxd4 Bc5 5. Nxc6 Qf6 6. Qf3 Qxc6 7. Nc3 Bd4
8. Bd2 Nf6 9. Bd3 a6 10. h3 d6 11. Rb1 Be6 12. Ne2 Be5 13. b3 O-O 14. c4 b5 15.
Rc1 bxc4 16. bxc4 Rfb8 17. O-O Bb2 18. Rc2 Ba3 19. Bc3 Nd7 20. Nd4 Qa4 21. Nxe6
fxe6 22. e5 Nxe5 23. Bxe5 dxe5 24. Qe4 g6 25. Qxe5 Qd7 26. Be2 Bd6 27. Qe4 Rf8
28. Bg4 Rae8 29. Re1 Rf6 30. c5 Bf4 31. g3 Bh6 32. Qc4 Qc6 {suite illisible}
1-0

[Event "Championnat de France des Jeunes - Cade"]
[Site "MONTLUCON"]
[Date "2011.04.21"]
[Round "6.5"]
[White "Finkel, Julie"]
[Black "Kohi, Camilla"]
[Result "0-1"]
[WhiteElo "1697"]
[BlackElo "1797"]
[PlyCount "114"]
[EventDate "2011.??.??"]

1. e4 e6 2. d3 d5 3. Nd2 Bc5 4. Ngf3 Nf6 5. g3 dxe4 6. Ng5 e3 7. fxe3 Bxe3 8.
Nge4 Nxe4 9. Nxe4 Bxc1 10. Rxc1 f5 11. Nd2 Bd7 12. Bg2 Bc6 13. Nf3 O-O 14. c3
e5 15. O-O Nd7 16. h4 Qf6 17. Ng5 Bxg2 18. Qb3+ Kh8 19. Kxg2 Nc5 20. Qc4 Na6
21. Ne6 Rf7 22. Ng5 Rff8 23. Ne6 Rf7 24. Ng5 Re7 25. Rce1 h6 26. Nf3 Rae8 27.
Qb5 c6 28. Qa5 e4 29. dxe4 Rxe4 30. Rxe4 Rxe4 31. Nd4 Re5 32. Qa3 c5 33. Nf3
Re2+ 34. Rf2 Qe6 35. Qa5 Qe3 36. Qd8+ Kh7 37. Ng5+ hxg5 38. Rxe2 Qxe2+ 39. Kg1
Qe3+ 40. Kg2 g4 41. Qd7 Qf3+ 42. Kh2 Qf2+ 43. Kh1 Qf1+ 44. Kh2 Qh3+ 45. Kg1
Qxg3+ 46. Kf1 Qf3+ 47. Kg1 g3 48. Qd2 Qf2+ 49. Qxf2 gxf2+ 50. Kxf2 Kg6 51. Kg3
Kh5 52. b3 Nc7 53. c4 Ne8 54. a3 g5 55. hxg5 Kxg5 56. Kf3 Nd6 57. Kg3 Ne4+ 0-1

[Event "Championnat de France des Jeunes - Cade"]
[Site "MONTLUCON"]
[Date "2011.04.21"]
[Round "6.6"]
[White "Lenoel, Marine"]
[Black "Sadoune, Emilie"]
[Result "1-0"]
[WhiteElo "1793"]
[BlackElo "1539"]
[PlyCount "135"]
[EventDate "2011.??.??"]

1. e4 c5 2. Nc3 Nc6 3. d3 e6 4. g3 g6 5. Bg2 Bg7 6. f4 Nge7 7. Nf3 d5 8. O-O
O-O 9. e5 h5 10. Qe1 Qb6 11. Qf2 Nf5 12. Na4 Qb4 13. Nxc5 a5 14. Nb3 d4 15. a4
Rd8 16. h3 Qb6 17. Re1 Nb4 18. Re2 Nxd3 19. cxd3 Qxb3 20. Ra3 Qb6 21. g4 hxg4
22. hxg4 Nh6 23. Bh3 Bf8 24. Ra1 Qb3 25. Ne1 Bb4 26. Qh4 Bd7 27. Qxh6 Qd1 28.
Kf2 Rac8 29. f5 Bxe1+ 30. Rxe1 Rc2+ 31. Bd2 Rxd2+ 32. Kg3 Rxd3+ 33. Kh4 Qd2 34.
Qxd2 Rxd2 35. fxg6 fxg6 36. b3 Rb2 37. Rab1 Rxb1 38. Rxb1 d3 39. Bf1 Bc6 40.
Kg5 Kg7 41. Kf4 d2 42. Be2 b5 43. axb5 Bxb5 44. Bd1 Rd3 45. Ra1 a4 46. bxa4 Ba6
47. Ra2 Rd4+ 48. Ke3 Rd3+ 49. Ke4 Rd5 50. Ke3 Rd3+ 51. Ke4 Rd5 52. Rb2 Kh6 53.
Rb6 Bd3+ 54. Ke3 Bc4 55. Rd6 Rxe5+ 56. Kxd2 Rd5+ 57. Rxd5 exd5 58. a5 Ba6 59.
Be2 Bb7 60. a6 Ba8 61. Ke3 Kg5 62. a7 Kf6 63. Kd4 Ke6 64. g5 Kd6 65. Bd3 Kc6
66. Bxg6 Kb6 67. Bf7 Kxa7 68. Bxd5 1-0

[Event "Championnat de France des Jeunes - Cade"]
[Site "MONTLUCON"]
[Date "2011.04.21"]
[Round "6.7"]
[White "Copin, Oceane"]
[Black "Abidi, Ines"]
[Result "1-0"]
[WhiteElo "1914"]
[BlackElo "1677"]
[Annotator "Rivier,Sylvain"]
[PlyCount "79"]
[EventDate "2011.??.??"]

1. d4 d5 2. Nf3 Nf6 3. c4 e6 4. Qc2 Be7 5. g3 O-O 6. Bg2 Nbd7 7. O-O c5 8. e3
b6 9. Rd1 Qc7 10. cxd5 Nxd5 11. a3 Bb7 12. e4 N5f6 13. Bf4 Qc6 14. d5 exd5 15.
exd5 Nxd5 16. Ng5 Bxg5 17. Bxd5 Qc8 18. Bxg5 Ne5 19. Qe4 Bxd5 20. Rxd5 Nc6 21.
Nc3 Re8 22. Qg2 Nd4 23. Rd1 Qg4 24. h3 Qe6 25. Kh2 h6 26. Bf4 Qg6 27. Re5 Rad8
28. Rde1 Rxe5 29. Bxe5 Qc2 30. Bxd4 cxd4 31. Nd1 d3 32. Qf3 Qc7 33. Nc3 Qd7 34.
Rd1 Qd6 35. Qe3 Qd7 36. Rd2 Qf5 37. Kg2 Qd7 38. f3 Kf8 39. Ne4 Qd5 40. Nf2 {
suite illisible} 1-0

[Event "Championnat de France des Jeunes - Cade"]
[Site "MONTLUCON"]
[Date "2011.04.21"]
[Round "6.8"]
[White "Turquetille, Annabelle"]
[Black "Daadaa, Soha"]
[Result "0-1"]
[WhiteElo "1773"]
[BlackElo "1657"]
[PlyCount "134"]
[EventDate "2011.??.??"]

1. e4 e6 2. d4 d5 3. Nc3 dxe4 4. Nxe4 Bd7 5. Nf3 Bc6 6. Bd3 Nd7 7. c3 Ngf6 8.
Qc2 Bxe4 9. Bxe4 Nxe4 10. Qxe4 c6 11. Bg5 Be7 12. Bxe7 Qxe7 13. O-O-O Nf6 14.
Qc2 O-O 15. Rhe1 Nd5 16. h4 h6 17. c4 Nb6 18. Qb3 Qc7 19. Ne5 Rfd8 20. Re3 a5
21. a3 Nc8 22. Rf3 Qe7 23. Qe3 Qxh4 24. Rh3 Qe7 25. Rf3 Rf8 26. Rh1 Nd6 27. Ng4
Qg5 28. Qxg5 hxg5 29. Rfh3 f6 30. Rh8+ Kf7 31. Rxf8+ Rxf8 32. b3 Nf5 33. Rd1
Rd8 34. Ne3 Rxd4 35. Kb2 Rxd1 36. Nxd1 Nd4 37. Kc3 e5 38. Ne3 Ke6 39. g3 g6 40.
c5 Nb5+ 41. Kb2 Nc7 42. Nc4 Na6 43. Nxa5 Nxc5 44. Kc2 Kd5 45. b4 b6 46. Nxc6
Kxc6 47. bxc5 Kxc5 48. Kc3 b5 49. Kd3 f5 50. f3 e4+ 51. fxe4 fxe4+ 52. Kxe4 Kc4
53. Ke5 Kb3 54. Kf6 Kxa3 55. Kxg6 b4 56. Kxg5 b3 57. Kh6 b2 58. g4 b1=Q 59. g5
Qb8 60. Kh7 Qc7+ 61. Kh6 Qd8 62. g6 Qh8+ 63. Kg5 Qg7 64. Kf5 Kb4 65. Kg5 Kc5
66. Kf5 Kd5 67. Kg5 Ke5 0-1

[Event "Championnat de France des Jeunes - Cade"]
[Site "MONTLUCON"]
[Date "2011.04.21"]
[Round "6.9"]
[White "Haller, Noemie"]
[Black "Lebret, Loriane"]
[Result "1-0"]
[WhiteElo "1654"]
[BlackElo "1625"]
[PlyCount "109"]
[EventDate "2011.??.??"]

1. Nf3 d5 2. g3 c5 3. Bg2 Nc6 4. d3 Nf6 5. O-O e5 6. e4 Bg4 7. h3 Bh5 8. c3 Bd6
9. Qc2 O-O 10. Bg5 d4 11. Nbd2 h6 12. Bxf6 Qxf6 13. Nh4 dxc3 14. bxc3 Rad8 15.
Nc4 Bc7 16. Nf5 Ne7 17. Nxe7+ Qxe7 18. Ne3 Qd6 19. Nd5 Bg6 20. Rfb1 b6 21. a4
f5 22. a5 Rf7 23. axb6 Bxb6 24. Ra6 Rb8 25. Qb3 Rfb7 26. exf5 Bxf5 27. Ne7+ Kh8
28. Nxf5 Qxd3 29. Bxb7 Rxb7 30. Nxh6 gxh6 31. c4 Qd4 32. Rd1 Qe4 33. Qd3 Qxd3
34. Rxd3 Kg7 35. Rd5 Re7 36. Ra1 e4 37. Rad1 e3 38. Rd7 exf2+ 39. Kxf2 Rxd7 40.
Rxd7+ Kf6 41. Ke3 Kf5 42. Rd5+ Kf6 43. Kf4 Kg6 44. Rd6+ Kg7 45. Kf5 h5 46. Kg5
Kf7 47. Kxh5 Kg7 48. g4 Kh7 49. Rd7+ Kg8 50. Kg6 Kf8 51. h4 Ke8 52. Rf7 a5 53.
Rb7 Bd8 54. h5 a4 55. h6 1-0

[Event "Championnat de France des Jeunes - Cade"]
[Site "MONTLUCON"]
[Date "2011.04.21"]
[Round "6.10"]
[White "Soriano, Manon"]
[Black "Colin, Phanie"]
[Result "1-0"]
[WhiteElo "1551"]
[BlackElo "1647"]
[PlyCount "61"]
[EventDate "2011.??.??"]

1. e4 c5 2. c3 Nf6 3. e5 Nd5 4. Bc4 Nb6 5. Bb3 e6 6. d4 Nc6 7. Nf3 d6 8. dxc5
dxc5 9. Qe2 Be7 10. O-O O-O 11. Bf4 Nd5 12. Bg3 Qa5 13. Na3 Rd8 14. Rad1 a6 15.
Nc4 Qc7 16. Nd6 Nb6 17. Rd2 Nd7 18. Rfd1 b5 19. Qe4 h6 20. Bc2 f5 21. exf6 Nxf6
22. Qg6 Qa7 23. Bh4 Bd7 24. Bxf6 Bxf6 25. Qf7+ Kh8 26. Qg6 Kg8 27. Qh7+ Kf8 28.
Nh4 Ne5 29. f4 Bxh4 30. Qh8+ Ke7 31. Qxg7+ 1-0

[Event "Championnat de France des Jeunes - Cade"]
[Site "MONTLUCON"]
[Date "2011.04.21"]
[Round "6.11"]
[White "Briatte, Coline"]
[Black "Harwood, Elisabeth"]
[Result "1/2-1/2"]
[WhiteElo "1570"]
[BlackElo "1557"]
[PlyCount "78"]
[EventDate "2011.??.??"]

1. d4 d5 2. e4 c6 3. Nc3 Nd7 4. exd5 cxd5 5. Nxd5 e6 6. Nc3 Ndf6 7. Nf3 a6 8.
Bd3 b5 9. a3 Ne7 10. O-O Bb7 11. Ne5 Nc6 12. Nxc6 Bxc6 13. Be3 g6 14. Ne2 Bg7
15. Ng3 Qd5 16. f3 O-O 17. Qd2 Rfc8 18. c3 Bf8 19. Rae1 Rab8 20. Bg5 Bg7 21.
Bxf6 Bxf6 22. Be4 Qc4 23. Bxc6 Qxc6 24. Ne4 Be7 25. Kh1 Rd8 26. Qe2 a5 27. Rc1
Qb6 28. Rfd1 b4 29. axb4 axb4 30. Rd3 bxc3 31. bxc3 Rbc8 32. Rc2 Qb1+ 33. Qd1
Qxd1+ 34. Rxd1 f5 35. Nf2 Bf6 36. Rdd2 Rc7 37. Nd1 Rdc8 38. Rd3 Rd7 39. Rdd2
Rdc7 1/2-1/2

[Event "Championnat de France des Jeunes - Cade"]
[Site "MONTLUCON"]
[Date "2011.04.21"]
[Round "6.12"]
[White "Sellier, Charlotte"]
[Black "Airoldi, Lea"]
[Result "1-0"]
[WhiteElo "1250"]
[BlackElo "1490"]
[PlyCount "63"]
[EventDate "2011.??.??"]

1. e4 e6 2. d4 d5 3. Nc3 Bb4 4. Bd3 c5 5. dxc5 d4 6. a3 Bxc5 7. Nce2 e5 8. Nf3
Nc6 9. Bd2 Nf6 10. O-O Bg4 11. Ng3 Nh5 12. Nf5 Nf6 13. Nxg7+ Kf8 14. Bh6 Kg8
15. Re1 Nh5 16. Nf5 Nf6 17. Bg7 Bxf5 18. Bxh8 Bg4 19. Bxf6 Qxf6 20. Be2 Kh8 21.
Qd3 Rg8 22. g3 Bh3 23. Rac1 Nd8 24. c3 Ne6 25. Bf1 Nf4 26. Qd2 Bg4 27. Nh4 dxc3
28. Rxc3 Bh3 29. Rxc5 Qxh4 30. Rxe5 Bxf1 31. Rxf1 Qh3 32. Qxf4 1-0

[Event "Championnat de France des Jeunes - Cade"]
[Site "MONTLUCON"]
[Date "2011.04.22"]
[Round "7.1"]
[White "Soubirou, Oriane"]
[Black "Le Bail, Arielle"]
[Result "1-0"]
[WhiteElo "1996"]
[BlackElo "1859"]
[PlyCount "37"]
[EventDate "2011.??.??"]

1. Nf3 c5 2. e4 a6 3. a4 Nc6 4. d4 cxd4 5. Nxd4 Qa5+ 6. Nc3 Nf6 7. Nb3 Qb4 8.
Bd3 e6 9. O-O Be7 10. f4 Qb6+ 11. Kh1 d6 12. a5 Qc7 13. Be3 Nd7 14. Na4 O-O 15.
Rf3 Nb4 16. Rh3 Nxd3 17. cxd3 f5 18. Nb6 Nf6 19. Nxa8 1-0

[Event "Championnat de France des Jeunes - Cade"]
[Site "MONTLUCON"]
[Date "2011.04.22"]
[Round "7.2"]
[White "Neuhauser, Salome"]
[Black "Thuret, Marine"]
[Result "0-1"]
[WhiteElo "2075"]
[BlackElo "1909"]
[PlyCount "84"]
[EventDate "2011.??.??"]

1. e4 d5 2. exd5 Qxd5 3. Nc3 Qa5 4. d4 Nf6 5. Nf3 Bf5 6. Bd2 c6 7. Bc4 e6 8.
Qe2 Qc7 9. O-O Be7 10. Bg5 Nbd7 11. Rad1 Nb6 12. Bb3 O-O 13. Bxf6 Bxf6 14. Ne4
Be7 15. c3 Nd5 16. Ng3 Bg6 17. Ne5 Bd6 18. Nxg6 hxg6 19. Rfe1 Rfe8 20. Qg4 Nf6
21. Qh4 Be7 22. Ne4 Nxe4 23. Qxe4 Bf6 24. Re3 Rad8 25. Rde1 Qa5 26. Qg4 Qh5 27.
Qg3 Rc8 28. Qd6 Red8 29. Qa3 c5 30. dxc5 Qxc5 31. Qa4 Rd2 32. R3e2 Rdd8 33. Qe4
Qc6 34. Qg4 Qc5 35. Rxe6 fxe6 36. Qxe6+ Kh7 37. Re3 Bg5 38. Rh3+ Bh6 39. Bc2
Rc6 40. Qe2 Qg5 41. Qe1 Qd2 42. Qb1 Re8 0-1

[Event "Championnat de France des Jeunes - Cade"]
[Site "MONTLUCON"]
[Date "2011.04.22"]
[Round "7.3"]
[White "Saucey, Capucine"]
[Black "Josse, Mathilde"]
[Result "1-0"]
[WhiteElo "1799"]
[BlackElo "1721"]
[PlyCount "108"]
[EventDate "2011.??.??"]

1. e4 d5 2. exd5 Qxd5 3. Nc3 Qa5 4. d4 Nf6 5. Bc4 c6 6. Bd2 Qc7 7. Nf3 Bg4 8.
h3 Bxf3 9. Qxf3 e6 10. O-O-O Nbd7 11. Rhe1 O-O-O 12. Bb3 Nb6 13. Ne2 Kb8 14. g4
h6 15. c4 Be7 16. Bf4 Bd6 17. Bxd6 Rxd6 18. c5 Rd7 19. cxb6 Qxb6 20. Rd2 Rhd8
21. h4 Ne8 22. Red1 Nc7 23. Nc3 Nb5 24. Nxb5 Qxb5 25. Qf4+ Ka8 26. Qe5 Qb4 27.
Qxg7 c5 28. d5 c4 29. Rd4 exd5 30. Bc2 Qa5 31. Rf4 Qxa2 32. Rf3 Qa5 33. Ra3 Qb4
34. Qxh6 d4 35. Ra4 Qb5 36. Ra2 Qc5 37. Qg5 Rd5 38. Qf6 R8d6 39. Qxf7 Rd7 40.
Re1 d3 41. Re8+ Rd8 42. Bd1 c3 43. Rxd8+ Rxd8 44. bxc3 Qxc3+ 45. Kb1 d2 46. Rc2
Qb4+ 47. Rb2 Qe4+ 48. Ka2 Qc6 49. Qb3 Qa6+ 50. Kb1 Qg6+ 51. Qc2 Qf6 52. h5 a6
53. f3 Rd6 54. Qc8+ Ka7 1-0

[Event "Championnat de France des Jeunes - Cade"]
[Site "MONTLUCON"]
[Date "2011.04.22"]
[Round "7.4"]
[White "Kohi, Camilla"]
[Black "Lenoel, Marine"]
[Result "1/2-1/2"]
[WhiteElo "1797"]
[BlackElo "1793"]
[PlyCount "134"]
[EventDate "2011.??.??"]

1. d4 Nf6 2. c4 g6 3. Nc3 Bg7 4. e4 d6 5. f3 O-O 6. Nge2 Nc6 7. Bg5 e5 8. d5
Ne7 9. Qd2 Re8 10. g4 Nd7 11. O-O-O a6 12. h4 b5 13. Ng3 bxc4 14. h5 a5 15.
hxg6 fxg6 16. Bxc4 Ba6 17. Bxa6 Rxa6 18. Rdf1 Rb6 19. Qh2 Nf8 20. Bh6 Qd7 21.
Bxg7 Kxg7 22. f4 exf4 23. Rxf4 Ng8 24. Rhf1 Qe7 25. Qf2 Nh6 26. Kc2 Rbb8 27.
Nb5 Nd7 28. Nd4 Ne5 29. g5 Rxb2+ 30. Kxb2 Nd3+ 31. Kc2 Nxf2 32. gxh6+ Kxh6 33.
Ndf5+ gxf5 34. Nxf5+ Kg5 35. Nxe7 Kxf4 36. Rxf2+ Kxe4 37. Re2+ Kf3 38. Re6 Rf8
39. Rh6 Rf7 40. Nc6 Ke4 41. Rh5 Rf2+ 42. Kb3 Rf5 43. Rxf5 Kxf5 44. Nxa5 h5 45.
Nc4 h4 46. Ne3+ Ke4 47. a4 Kxe3 48. a5 h3 49. a6 h2 50. a7 h1=Q 51. a8=Q Qb1+
52. Kc4 Qc2+ 53. Kb4 Qc5+ 54. Kb3 Kd4 55. Qh8+ Kxd5 56. Qh1+ Ke6 57. Qe4+ Kd7
58. Qa4+ c6 59. Qg4+ Kc7 60. Qf4 Qd5+ 61. Kc2 c5 62. Qa4 Kb6 63. Qd7 c4 64.
Qd8+ Kc5 65. Qa5+ Kd4 66. Qd2+ Ke4 67. Qg2+ Ke5 1/2-1/2

[Event "Championnat de France des Jeunes - Cade"]
[Site "MONTLUCON"]
[Date "2011.04.22"]
[Round "7.5"]
[White "Alonso, Audrey"]
[Black "Copin, Oceane"]
[Result "1-0"]
[WhiteElo "1842"]
[BlackElo "1914"]
[PlyCount "103"]
[EventDate "2011.??.??"]

1. e4 c6 2. Nf3 d5 3. Nc3 dxe4 4. Nxe4 Nf6 5. Ng3 h5 6. Bc4 h4 7. Ne2 Qc7 8. h3
Nbd7 9. d4 Nb6 10. Bf4 Qd8 11. Bb3 Nbd5 12. Bg5 Ne4 13. Bxh4 Qa5+ 14. c3 Bd7
15. Bg3 O-O-O 16. Ne5 Nxg3 17. Nxg3 Be6 18. O-O g5 19. Bc2 Bg7 20. Ng4 Qc7 21.
Bf5 Nf4 22. Bxe6+ Nxe6 23. Qf3 Nf4 24. Nf5 Bf6 25. Rfe1 e6 26. Ng3 Be7 27. Ne2
f5 28. Nxf4 fxg4 29. Nxe6 gxf3 30. Nxc7 Kxc7 31. Rxe7+ Rd7 32. Rae1 fxg2 33.
Kxg2 Kd6 34. R1e6+ Kc7 35. Rxd7+ Kxd7 36. Rg6 Re8 37. Kf1 Rh8 38. Rxg5 Rxh3 39.
Rg7+ Kc8 40. Re7 Rh1+ 41. Kg2 Ra1 42. a3 Rb1 43. Re2 Kd7 44. f4 Rd1 45. f5 c5
46. f6 cxd4 47. f7 d3 48. Re3 d2 49. f8=Q Rg1+ 50. Kxg1 d1=Q+ 51. Kf2 Qd2+ 52.
Re2 1-0

[Event "Championnat de France des Jeunes - Cade"]
[Site "MONTLUCON"]
[Date "2011.04.22"]
[Round "7.6"]
[White "Sadoune, Emilie"]
[Black "Auvray, Juliette"]
[Result "0-1"]
[WhiteElo "1539"]
[BlackElo "2001"]
[PlyCount "38"]
[EventDate "2011.??.??"]

1. e4 c5 2. c3 d5 3. exd5 Qxd5 4. d4 Nf6 5. Nf3 Bg4 6. Be2 e6 7. Bf4 Nc6 8.
dxc5 Bxc5 9. O-O O-O 10. Nbd2 Rfd8 11. h3 Bh5 12. Nb3 Bb6 13. Qc2 e5 14. c4 Qe4
15. Qxe4 Nxe4 16. c5 Nxc5 17. Nxc5 Bxc5 18. Bg3 e4 19. Bh4 exf3 0-1

[Event "Championnat de France des Jeunes - Cade"]
[Site "MONTLUCON"]
[Date "2011.04.22"]
[Round "7.7"]
[White "Finkel, Julie"]
[Black "Soriano, Manon"]
[Result "1-0"]
[WhiteElo "1697"]
[BlackElo "1551"]
[PlyCount "47"]
[EventDate "2011.??.??"]

1. d4 c5 2. d5 Nf6 3. c4 d6 4. Nc3 e6 5. e4 exd5 6. cxd5 Bg4 7. f3 Bd7 8. Be2
Be7 9. f4 Qa5 10. Bd2 O-O 11. e5 Ne8 12. Nf3 a6 13. Qc2 h6 14. h4 b5 15. Ne4
Qc7 16. Neg5 hxg5 17. hxg5 g6 18. e6 Bxe6 19. dxe6 fxe6 20. Qxg6+ Ng7 21. Bd3
Rf5 22. Rh7 Bf8 23. O-O-O Qf7 24. Rh8+ 1-0

[Event "Championnat de France des Jeunes - Cade"]
[Site "MONTLUCON"]
[Date "2011.04.22"]
[Round "7.8"]
[White "Daadaa, Soha"]
[Black "Haller, Noemie"]
[Result "1-0"]
[WhiteElo "1657"]
[BlackElo "1654"]
[PlyCount "36"]
[EventDate "2011.??.??"]

1. d4 d5 2. c4 e6 3. Nc3 Nf6 4. cxd5 exd5 5. Bg5 Be7 6. e3 c6 7. Qc2 O-O 8. Bd3
Nbd7 9. Nge2 Re8 10. O-O Nf8 11. f3 Ng6 12. Rad1 Bd6 13. Kh1 h6 14. Bxg6 fxg6
15. Bxf6 Qxf6 16. e4 dxe4 17. fxe4 Qg5 18. e5 Bb4 1-0

[Event "Championnat de France des Jeunes - Cade"]
[Site "MONTLUCON"]
[Date "2011.04.22"]
[Round "7.9"]
[White "Colin, Phanie"]
[Black "Turquetille, Annabelle"]
[Result "1/2-1/2"]
[WhiteElo "1647"]
[BlackElo "1773"]
[PlyCount "72"]
[EventDate "2011.??.??"]

1. b3 Nf6 2. Bb2 e6 3. e3 Nc6 4. Bb5 d5 5. Bxc6+ bxc6 6. f4 Be7 7. Nf3 O-O 8.
O-O Ne4 9. d3 Bf6 10. Bxf6 Qxf6 11. Nbd2 Nxd2 12. Qxd2 c5 13. Ne5 d4 14. e4 Qe7
15. Qf2 f6 16. Nc4 Ba6 17. Nd2 e5 18. fxe5 fxe5 19. Qg3 Rxf1+ 20. Rxf1 Re8 21.
Nc4 Bxc4 22. bxc4 Rf8 23. Rxf8+ Kxf8 24. Qf3+ Qf7 25. Qxf7+ Kxf7 26. Kf2 Kf6
27. Kf3 Kg5 28. Kg3 a5 29. h4+ Kh5 30. a4 c6 31. Kh3 g5 32. hxg5 Kxg5 33. Kg3
h5 34. Kf3 h4 35. g3 hxg3 36. Kxg3 Kh5 1/2-1/2